| 000 | 01252nam a2200289 i 4500 | ||
|---|---|---|---|
| 001 | 193663 | ||
| 003 | ES-MaACL | ||
| 005 | 20250829063133.0 | ||
| 007 | ta | ||
| 008 | 240202s1910 sp | |||| 000 spa | ||
| 040 | _aEs-MaACL | ||
| 245 | 0 | 3 |
_aEl Congreso de la Poesía en el Ateneo : _bla presidencia de la sesión inaugural verificada ayer tarde, de izquierda a derecha, SS. AA. los infantes doña Pilar, doña María Teresa, doña Paz, doña Isabel y D. Luis de Orleans / _cfot., Goñi |
| 264 | 1 |
_aMadrid : _bABC, _c1910 |
|
| 300 |
_a1 página : _b1 ilustración ; _c30 cm |
||
| 336 |
_aTexto _2rdacontent |
||
| 337 |
_asin mediación _2rdamedia |
||
| 338 |
_avolumen _2rdacarrier |
||
| 500 | _aFotocopia de la página con la fotografía de los miembros asistentes al Congreso de la Poesía en el Ateneo de Madrid, publicada en "ABC", 5 de noviembre de 1910 | ||
| 610 | 2 | 4 |
_aAteneo de Madrid- _vConferencias- _y1900-1939 _91907 |
| 611 | 2 | 4 |
_aCongreso de la Poesía _d(1910. _cMadrid) _9241602 |
| 655 | 4 |
_aFotografías _9242033 |
|
| 700 | 1 |
_aGoñi, Francisco, _d1873-1936 _epht _959080 |
|
| 852 | 4 |
_aES-MaACL _cDEPOF _j2347-F-35 _9201179 |
|
| 942 |
_2udc _cART_PRENSA _n0 |
||
| 999 |
_c193663 _d193663 |
||